| 000 | 00687nam a2200193 i 4500 | ||
|---|---|---|---|
| 001 | 54053 | ||
| 003 | ES-MaACL | ||
| 005 | 20230906162903.0 | ||
| 007 | t| | ||
| 008 | 141022s2009 aj ||||1| aze d | ||
| 245 | 0 | 0 |
_aNobel _b: Nobellar va Baki Nefti = The Nobels and Baku Oil. |
| 260 |
_aBaku : _bMinistry of Culture and Tourism of the Republic of Azerbaijan, _c2009. |
||
| 300 |
_a188 p. : _bil. ; _c30 cm. |
||
| 500 | _aTexto paralelo en azeri e inglés. | ||
| 500 | _a1879-2009 dedicated to 130 th anniversary of Nobel brother's activity in Azerbaijan. | ||
| 600 | 3 | 4 |
_aNobel (Familia) _9155752 |
| 651 | 4 |
_aBaku (Azerbaiyán)- _xHistoria. _9155753 |
|
| 852 |
_aES-MaACL _j1595-F-18 |
||
| 999 |
_c54053 _d54053 |
||